000
00325 a2200121 4500
001
ART_17536
005
20260410161750.0
008
260409a
245
1
0
_a
The new age of innovation
100
1
_a
Prahalad, C. K.
700
1
_a
Krishnan, M. S.
773
0
_t
Book Summary
_g
- NÂș 12 (ene. 2009)
_w
REV4099
999
_c
19592
_d
19592